Κατάλογος Βιβλιοθηκών Mediterranean College

The Child's Point of View / Second Edition (Record no. 281)

MARC details
000 -LEADER
fixed length control field 01207cam a22002054a 4500
005 - ΗΜΕΡΟΜΗΝΙΑ ΚΑΙ ΩΡΑ ΤΕΛΕΥΤΑΙΑΣ ΕΝΗΜΕΡΩΣΗΣ
Πεδίο ελέγχου 20250605163930.0
008 - FIXED-LENGTH DATA ELEMENTS--GENERAL INFORMATION
Πεδίο ελέγχου σταθερού μήκους 250528s ||||||||||||||||||||||||d
035 ## - SYSTEM CONTROL NUMBER
System control number 14657
020 ## - ISBN
ISBN 745009379
040 ## - ΠΗΓΗ ΚΑΤΑΛΟΓΟΓΡΑΦΗΣΗΣ
Φορέας πρωτότυπης καταλογογράφησης MC Athens Campus Library
Γλώσσα καταλογογράφησης Ελληνικά, Μοντέρνα (1453-)
Modifying agency MC Athens Campus Library
Κανόνες περιγραφικής καταλογογράφησης AACR2
245 1# - ΤΙΤΛΟΣ ΚΑΙ ΔΗΛΩΣΗ ΥΠΕΥΘΥΝΟΤΗΤΑΣ
Τίτλος The Child's Point of View / Second Edition
250 ## - EDITION STATEMENT
Edition statement 2nd
260 ## - PUBLICATION, DISTRIBUTION, ETC.
Name of publisher, distributor, etc. Harvester Wheatsheaf,
Date of publication, distribution, etc. 1991
300 ## - PHYSICAL DESCRIPTION
Extent 220
520 ## - SUMMARY, ETC.
Summary, etc. This book is aimed at the psychology undergraduate and will be of use to all teachers and students of child development. Acknowledgements, Introduction, What Do People See? The Development of Visual Perspective-Taking, The Very Young Child's Understanding of Other Observers, Children's Representations of Different Views, The Artist's Point of View, How Can We Represent a Three-Dimensional Scene on a Two-Dimensional Surface?, Draw What You Can See and Omit What You Can't, How to Draw ''in Perspective'', Conversational Role-Taking, Taking Account of the Listener's Needs, Deictic Expressions, What's On Your Mind?, I Know What You're Thinking, I Know How You Feel, Conclusion, Bibliography, Name and Subject Index.
700 1# - ΠΡΟΣΘΕΤΗ ΑΝΑΓΡΑΦΗ--ΦΥΣΙΚΟ ΠΡΟΣΩΠΟ
Personal name Cox Maureen
9 (RLIN) 397
942 ## - ADDED ENTRY ELEMENTS (KOHA)
Koha item type Books
Holdings
Τύπος τεκμηρίου Βιβλιοθήκη Τρέχουσα τοποθεσία Barcode Αριθμός εισαγωγής Ημερομηνία απόκτησης Ταξιθετικό σύμβολο Αριθμός αντιτύπου Κατάσταση απόσυρσης Κατάσταση χαμένου Κατάσταση κατεστραμμένου Μη δανεισμός Σύνολο δανεισμών Ημερομηνία τελευταίας εμφάνισης Η τιμή ισχύει από
Books MC Athens Campus Library MC Athens Campus Library 9780000002808 3333 05/06/2025 155.413 COX 1           05/06/2025 05/06/2025

MC Athens Campus Library
Πατησίων 94 & Κοδριγκτώνος 13, 104 34
Πελλήνης 8 & Πατησίων 107, 112 51
Τ: +30 210 8899600

MC Thessaloniki Campus Library
Ίωνος Δραγούμη 21, 54625 | Ίωνος Δραγούμη 15, 54625
Τ: +30 2310 287779 – Τ: +30 2314 440300